[Event "Druga liga Srbije grupa Vojvodina 2013"]
[Site "Stari Banovci"]
[Date "2013.11.09"]
[Round "9.1"]
[White "Sekulic, Dusan"]
[Black "Sertic, Rudolf"]
[Result "0-1"]
[WhiteElo "2298"]
[BlackElo "2358"]
[PlyCount "74"]
[EventDate "2013.11.04"]

1. d4 Nf6 2. Nf3 e6 3. c4 b6 4. g3 Ba6 5. Qa4 c5 6. Bg2 Be7 7. O-O Bb7 8. Nc3
O-O 9. Rd1 d6 10. Bf4 a6 11. dxc5 bxc5 12. Qb3 Qc7 13. Rxd6 Bxd6 14. Bxd6 Qxd6
15. Qxb7 Nc6 16. Rd1 Nd4 17. Nxd4 cxd4 18. Na4 Rab8 19. Qa7 Qb4 20. b3 Qa3 21.
Qxd4 Qxa2 22. Nc5 Qxe2 23. Rd3 Qa2 24. Bf3 Qa3 25. Kg2 Qa5 26. Nb7 Qc7 27. Nd6
Nd7 28. Nf5 Ne5 29. Re3 f6 30. Nd6 Rb4 31. Rxe5 fxe5 32. Qxe5 Rxb3 33. Qxe6+
Kh8 34. Bd5 Rb2 35. Nf7+ Qxf7 36. Qxf7 Rxf7 37. Bxf7 Rb3 0-1

[Event "Druga liga Srbije grupa Vojvodina 2013"]
[Site "Stari Banovci"]
[Date "2013.11.09"]
[Round "9.1"]
[White "Vujadinovic, Goran"]
[Black "Azaric, Slavko"]
[Result "1/2-1/2"]
[WhiteElo "2364"]
[BlackElo "2294"]
[PlyCount "36"]
[EventDate "2013.11.04"]

1. Nf3 Nf6 2. g3 g6 3. Bg2 Bg7 4. O-O O-O 5. d3 d5 6. Nbd2 Nc6 7. e4 e5 8. Re1
h6 9. c3 a5 10. Qc2 Re8 11. b3 d4 12. a3 dxc3 13. Qxc3 Be6 14. Bb2 a4 15. b4
Nd7 16. Rac1 Qe7 17. h3 Rec8 18. Qc2 Nf8 1/2-1/2

[Event "Druga liga Srbije grupa Vojvodina 2013"]
[Site "Stari Banovci"]
[Date "2013.11.09"]
[Round "9.1"]
[White "Vencl, Radivoje"]
[Black "Kolognat, Petar"]
[Result "1/2-1/2"]
[WhiteElo "2284"]
[BlackElo "2293"]
[PlyCount "28"]
[EventDate "2013.11.04"]

1. d4 Nf6 2. Nf3 d5 3. Bg5 e6 4. e3 Be7 5. c4 Ne4 6. Bxe7 Qxe7 7. Nc3 Nxc3 8.
bxc3 O-O 9. Qb3 dxc4 10. Bxc4 c5 11. Ne5 cxd4 12. cxd4 Nd7 13. Nxd7 Bxd7 14.
O-O Bc6 1/2-1/2

[Event "Druga liga Srbije grupa Vojvodina 2013"]
[Site "Stari Banovci"]
[Date "2013.11.09"]
[Round "9.1"]
[White "Mastrapovic, Vladimir"]
[Black "Vucinic, Gojko"]
[Result "1/2-1/2"]
[WhiteElo "2280"]
[BlackElo "2294"]
[PlyCount "27"]
[EventDate "2013.11.04"]

1. d4 Nf6 2. c4 g6 3. Nc3 d5 4. cxd5 Nxd5 5. e4 Nxc3 6. bxc3 Bg7 7. Be3 c5 8.
Qd2 O-O 9. Rb1 Qa5 10. d5 e6 11. c4 Qxd2+ 12. Kxd2 b6 13. Bd3 exd5 14. exd5
1/2-1/2

[Event "Druga liga Srbije grupa Vojvodina 2013"]
[Site "Stari Banovci"]
[Date "2013.11.09"]
[Round "9.1"]
[White "Stojanovic, Vlastimir"]
[Black "Bogic, Stevan"]
[Result "0-1"]
[WhiteElo "2205"]
[BlackElo "2195"]
[PlyCount "104"]
[EventDate "2013.11.04"]

1. e4 c5 2. Nf3 d6 3. Bb5+ Nc6 4. Bxc6+ bxc6 5. e5 d5 6. h3 Bf5 7. d3 e6 8. O-O
h5 9. Bg5 Be7 10. Bxe7 Qxe7 11. Qd2 Nh6 12. Re1 Rg8 13. Qg5 Qxg5 14. Nxg5 Kd7
15. Nc3 f6 16. Nf3 Nf7 17. Na4 fxe5 18. Nxe5+ Nxe5 19. Rxe5 Kd6 20. Rae1 Rab8
21. c3 Rge8 22. b3 g6 23. Nb2 Rb6 24. f4 Ra6 25. Na4 Bxd3 26. c4 Bf5 27. h4 Rb8
28. Rc1 Rxa4 29. bxa4 Rb2 30. a3 Rb3 31. Re2 Rxa3 32. Rb2 Rxa4 33. Rb7 Ra2 34.
g3 Be4 35. Rc3 d4 36. Rc1 Rg2+ 37. Kf1 Rxg3 38. Ra1 Rf3+ 39. Ke2 Rxf4 40. Raxa7
Rxh4 41. Rd7+ Ke5 42. Ra5 Rh2+ 43. Ke1 Kf4 44. Rf7+ Ke3 45. Rf1 Rc2 46. Ra1
Rxc4 47. Rf2 d3 48. Rh2 Rb4 49. Rh3+ Bf3 50. Rh2 c4 51. Rc1 c3 52. Re2+ Bxe2
0-1

[Event "Druga liga Srbije grupa Vojvodina 2013"]
[Site "Stari Banovci"]
[Date "2013.11.09"]
[Round "9.1"]
[White "Marcak, Dejan"]
[Black "Gajin, Nikola"]
[Result "1-0"]
[WhiteElo "2141"]
[BlackElo "2136"]
[PlyCount "59"]
[EventDate "2013.11.04"]

1. e4 c6 2. d4 d5 3. Nc3 dxe4 4. Nxe4 Bf5 5. Ng3 Bg6 6. Nf3 Nd7 7. h4 h6 8. h5
Bh7 9. Bd3 Bxd3 10. Qxd3 Ngf6 11. Bd2 e6 12. O-O-O Bd6 13. Ne4 Nxe4 14. Qxe4
Nf6 15. Qe2 Qc7 16. g3 O-O-O 17. Kb1 Rhe8 18. c4 c5 19. dxc5 Bxc5 20. Bf4 Bd6
21. Rxd6 Rxd6 22. c5 Qxc5 23. Rc1 Qxc1+ 24. Kxc1 Rc6+ 25. Kb1 Nd5 26. Qe5 Nxf4
27. Qxf4 f6 28. Nd4 Rc5 29. Nb5 e5 30. Nd6+ 1-0

[Event "Druga liga Srbije grupa Vojvodina 2013"]
[Site "Stari Banovci"]
[Date "2013.11.09"]
[Round "9.2"]
[White "Pezelj, Novak"]
[Black "Stojanovic, Dalibor"]
[Result "1/2-1/2"]
[WhiteElo "2352"]
[BlackElo "2508"]
[PlyCount "26"]
[EventDate "2013.11.04"]

1. e4 c5 2. Nf3 Nc6 3. Nc3 d6 4. Bc4 Nf6 5. d3 g6 6. O-O Bg7 7. h3 O-O 8. a4 e5
9. Nh2 Be6 10. Bg5 h6 11. Be3 Kh7 12. Qd2 b6 13. f4 exf4 1/2-1/2

[Event "Druga liga Srbije grupa Vojvodina 2013"]
[Site "Stari Banovci"]
[Date "2013.11.09"]
[Round "9.2"]
[White "Ratkovic, Milovan"]
[Black "Robulj, Nenad"]
[Result "1/2-1/2"]
[WhiteElo "2267"]
[BlackElo "2322"]
[PlyCount "57"]
[EventDate "2013.11.04"]

1. d4 b5 2. e4 Bb7 3. Nd2 b4 4. Ngf3 e6 5. Bd3 a5 6. O-O Ne7 7. Re1 Ng6 8. Nf1
Be7 9. Ng3 O-O 10. a3 bxa3 11. bxa3 d6 12. Rb1 Ba6 13. Bxa6 Nxa6 14. Qd3 c6 15.
Bd2 Qc7 16. Nh5 d5 17. e5 Rfc8 18. Ng5 c5 19. Qh3 Bxg5 20. Bxg5 h6 21. Nf6+ Kf8
22. Bxh6 cxd4 23. Bxg7+ Kxg7 24. Qh7+ Kf8 25. Qh6+ Ke7 26. Qg5 Kf8 27. Qh6+ Ke7
28. Qg5 Kf8 29. Qh6+ 1/2-1/2

[Event "Druga liga Srbije grupa Vojvodina 2013"]
[Site "Stari Banovci"]
[Date "2013.11.09"]
[Round "9.2"]
[White "Joksimovic, Dragoljub"]
[Black "Munizaba, Slobodan"]
[Result "0-1"]
[WhiteElo "2164"]
[BlackElo "2335"]
[PlyCount "82"]
[EventDate "2013.11.04"]

1. c4 e5 2. g3 Nf6 3. Nc3 d5 4. cxd5 Nxd5 5. Bg2 Nb6 6. Nf3 Nc6 7. d3 Be7 8.
O-O O-O 9. a4 a5 10. Bd2 Re8 11. Nb5 Bb4 12. Bc3 Nd5 13. Qc2 Bf8 14. Rad1 Ncb4
15. Bxb4 axb4 16. e4 c6 17. exd5 cxb5 18. axb5 Qxd5 19. Ng5 Qd8 20. Nf3 Qb6 21.
Rfe1 Qxb5 22. d4 exd4 23. Nxd4 Rxe1+ 24. Rxe1 Qd7 25. Qc4 Ra5 26. Nb3 b5 27.
Qc1 Ra2 28. Bc6 Qc7 29. Re8 Bd7 30. Bxd7 Qxd7 31. Rc8 Qd5 32. Qe3 Rxb2 33. Nc1
Rd2 34. f3 Qd7 35. Qc5 Qd4+ 36. Qxd4 Rxd4 37. Nb3 Rd3 38. Nc1 Rc3 39. Rxc3 bxc3
40. Kf1 Ba3 41. Nb3 c2 0-1

[Event "Druga liga Srbije grupa Vojvodina 2013"]
[Site "Stari Banovci"]
[Date "2013.11.09"]
[Round "9.2"]
[White "Ratkovic, Miloje"]
[Black "Basta, Predrag"]
[Result "1-0"]
[WhiteElo "2273"]
[BlackElo "2220"]
[PlyCount "107"]
[EventDate "2013.11.04"]

1. d4 Nf6 2. c4 g6 3. Nc3 Bg7 4. e4 d6 5. f3 O-O 6. Be3 e5 7. Nge2 exd4 8. Nxd4
Nbd7 9. Be2 Nc5 10. O-O Re8 11. Qd2 a5 12. Rad1 a4 13. Rfe1 Qe7 14. Bf1 Ne6 15.
Ndb5 Bd7 16. Nd5 Qd8 17. Nbc3 Bc6 18. h3 Nc5 19. Bg5 Ne6 20. Bh4 h6 21. Nxf6+
Bxf6 22. Bxf6 Qxf6 23. Qxh6 a3 24. Qc1 axb2 25. Qxb2 Qg5 26. Qd2 Nf4 27. Kh2
Qe5 28. g3 Nh5 29. f4 Qc5 30. Qe3 Qxe3 31. Rxe3 Ra3 32. Rde1 Kg7 33. Bg2 f6 34.
Bf3 Kf7 35. Bd1 Ng7 36. Bb3 Kf8 37. Nd5 Bxd5 38. cxd5 c5 39. dxc6 bxc6 40. Rc3
c5 41. Rd1 Ra6 42. Bc4 Rb6 43. Rb3 Rxb3 44. axb3 Ke7 45. Ra1 Rd8 46. Kg2 Rd7
47. Kf3 Ne6 48. Ra8 Nd8 49. Bd5 Rc7 50. h4 Ne6 51. g4 Rd7 52. Rg8 Ra7 53. Rxg6
Ra3 54. g5 1-0

[Event "Druga liga Srbije grupa Vojvodina 2013"]
[Site "Stari Banovci"]
[Date "2013.11.09"]
[Round "9.2"]
[White "Mitrovic, Zivadin"]
[Black "Desnica, Vladan"]
[Result "1-0"]
[WhiteElo "2187"]
[BlackElo "2274"]
[PlyCount "111"]
[EventDate "2013.11.04"]

1. b4 c6 2. Bb2 Qb6 3. a3 a5 4. c3 Nf6 5. Nf3 g6 6. e3 Bg7 7. Be2 O-O 8. O-O d6
9. d4 Nbd7 10. Nbd2 axb4 11. axb4 Rxa1 12. Qxa1 d5 13. Qa5 Re8 14. Ra1 Qxa5 15.
Rxa5 e5 16. dxe5 Nxe5 17. Nxe5 Rxe5 18. c4 Re8 19. Bd4 Ne4 20. Nxe4 dxe4 21.
Bxg7 Kxg7 22. Ra8 Bd7 23. Rxe8 Bxe8 24. c5 f5 25. Kf1 Bf7 26. Ke1 Kf6 27. Kd2
Ke5 28. Kc3 g5 29. Bd1 h5 30. g3 h4 31. Be2 Be8 32. Kd2 Bd7 33. Kc3 f4 34.
exf4+ gxf4 35. gxf4+ Kxf4 36. Kd4 Bh3 37. Bh5 Bf1 38. Bd1 Bg2 39. Bh5 Bf3 40.
Bg6 Bh1 41. Bh7 Bg2 42. Bg6 Kf3 43. Bxe4+ Kxf2 44. Bf5 h3 45. Bc8 Kg1 46. Ke3
Bf1 47. Bxb7 Bb5 48. Kf3 Kf1 49. Bc8 Ke1 50. Bxh3 Kd2 51. Ke4 Kc3 52. Ke5 Kxb4
53. Kd6 Kc3 54. Bf5 Kd4 55. h4 Be2 56. Bg6 1-0

[Event "Druga liga Srbije grupa Vojvodina 2013"]
[Site "Stari Banovci"]
[Date "2013.11.09"]
[Round "9.2"]
[White "Milojevic, Dusan"]
[Black "Besedes, Danilo"]
[Result "0-1"]
[WhiteElo "2231"]
[BlackElo "1974"]
[PlyCount "154"]
[EventDate "2013.11.04"]

1. e4 e5 2. Nf3 Nc6 3. Bb5 a6 4. Ba4 Nf6 5. O-O Be7 6. Re1 b5 7. Bb3 O-O 8. a4
b4 9. a5 d6 10. h3 Rb8 11. Bc4 Bb7 12. c3 Nxe4 13. Qe2 Nc5 14. d4 e4 15. Nh2 d5
16. dxc5 dxc4 17. Rd1 Qc8 18. cxb4 Nxb4 19. Qxc4 Bc6 20. Nc3 Qf5 21. Be3 Nc2
22. Nd5 Bxd5 23. Rxd5 Qe6 24. Ra4 Nxe3 25. fxe3 Rxb2 26. Qxe4 Bh4 27. Rf5 Qg6
28. Nf1 Be1 29. g4 h6 30. c6 Rd8 31. Rd4 Rf8 32. Rc4 Qd6 33. Rd4 Qg6 34. Rc4
Ra2 35. Ra4 Rxa4 36. Qxa4 Qe6 37. Qd1 Bb4 38. Qb1 Qd6 39. Qe4 g6 40. Rf2 Bxa5
41. Ra2 Bb6 42. Rxa6 Kh7 43. Ra2 f5 44. Qg2 f4 45. Qe4 fxe3 46. Re2 Qf6 47. Qg2
Qf4 48. Ng3 Re8 49. Nf1 h5 50. Qg3 Qxg3+ 51. Nxg3 hxg4 52. hxg4 Re6 53. Kg2
Rxc6 54. Ne4 Rc4 55. Kf3 Rc1 56. g5 Kg7 57. Kf4 Rf1+ 58. Ke5 Kf7 59. Kd5 Rf5+
60. Kc4 Ke6 61. Rh2 Ke5 62. Kd3 Rf8 63. Nc3 Rd8+ 64. Kc4 Rd4+ 65. Kb5 Kf5 66.
Rg2 Rg4 67. Re2 Kxg5 68. Nd5 Re4 69. Nc3 Re6 70. Kc4 Kf4 71. Rh2 Kf3 72. Ne2
Rc6+ 73. Kd3 Rd6+ 74. Kc3 g5 75. Ng1+ Kg3 76. Rh5 g4 77. Ne2+ Kf3 0-1

[Event "Druga liga Srbije grupa Vojvodina 2013"]
[Site "Stari Banovci"]
[Date "2013.11.09"]
[Round "9.3"]
[White "Bodiroga, Predrag"]
[Black "Galyas, Miklos"]
[Result "1/2-1/2"]
[WhiteElo "2389"]
[BlackElo "2435"]
[PlyCount "20"]
[EventDate "2013.11.04"]

1. d4 e6 2. c4 f5 3. g3 Nf6 4. Bg2 c6 5. Nf3 d5 6. O-O Bd6 7. b3 Qe7 8. Bb2 O-O
9. Ne5 Nbd7 10. Nd2 a5 1/2-1/2

[Event "Druga liga Srbije grupa Vojvodina 2013"]
[Site "Stari Banovci"]
[Date "2013.11.09"]
[Round "9.3"]
[White "Lalic, Dragan"]
[Black "Onjin, Branko"]
[Result "1/2-1/2"]
[WhiteElo "2266"]
[BlackElo "1987"]
[PlyCount "26"]
[EventDate "2013.11.04"]

1. e4 e6 2. d4 d5 3. e5 c5 4. c3 Nc6 5. Nf3 Qb6 6. Bd3 Be7 7. O-O Bd7 8. dxc5
Bxc5 9. b4 Be7 10. Na3 a6 11. Nc2 Qc7 12. Re1 Na7 13. Bd2 Nb5 1/2-1/2

[Event "Druga liga Srbije grupa Vojvodina 2013"]
[Site "Stari Banovci"]
[Date "2013.11.09"]
[Round "9.3"]
[White "Jacimovic, Zoran"]
[Black "Sevo, Dusan"]
[Result "1/2-1/2"]
[WhiteElo "2169"]
[BlackElo "2238"]
[PlyCount "24"]
[EventDate "2013.11.04"]

1. e4 g6 2. d4 Bg7 3. Nc3 d6 4. Be3 a6 5. Qd2 b5 6. h4 h6 7. O-O-O Bb7 8. h5 g5
9. f4 gxf4 10. Bxf4 Nd7 11. Nf3 c5 12. Nd5 Ngf6 1/2-1/2

[Event "Druga liga Srbije grupa Vojvodina 2013"]
[Site "Stari Banovci"]
[Date "2013.11.09"]
[Round "9.3"]
[White "Popov, Stevan"]
[Black "Adamov, Ivan"]
[Result "1/2-1/2"]
[WhiteElo "2188"]
[BlackElo "1901"]
[PlyCount "25"]
[EventDate "2013.11.04"]

1. e4 c5 2. Nf3 d6 3. Bb5+ Bd7 4. Bxd7+ Qxd7 5. O-O Nc6 6. c4 g6 7. d4 cxd4 8.
Nxd4 Bg7 9. Be3 Nf6 10. f3 O-O 11. Nc3 Rac8 12. b3 Nh5 13. Rc1 1/2-1/2

[Event "Druga liga Srbije grupa Vojvodina 2013"]
[Site "Stari Banovci"]
[Date "2013.11.09"]
[Round "9.4"]
[White "Radusinovic, Lazar"]
[Black "Dragojlovic, Andjelko"]
[Result "1/2-1/2"]
[WhiteElo "2281"]
[BlackElo "2337"]
[PlyCount "20"]
[EventDate "2013.11.04"]

1. d4 g6 2. Nf3 Bg7 3. g3 Nf6 4. Bg2 d5 5. O-O O-O 6. Be3 Bf5 7. Qc1 c6 8. c4
dxc4 9. Qxc4 Nbd7 10. Rd1 Nb6 1/2-1/2

[Event "Druga liga Srbije grupa Vojvodina 2013"]
[Site "Stari Banovci"]
[Date "2013.11.09"]
[Round "9.6"]
[White "Varga, Zoltan"]
[Black "Petakov, Uros"]
[Result "1-0"]
[WhiteElo "2441"]
[BlackElo "2348"]
[PlyCount "69"]
[EventDate "2013.11.04"]

1. e4 c5 2. Nf3 g6 3. d4 Bg7 4. dxc5 Qa5+ 5. Nc3 Qxc5 6. Nd5 Qa5+ 7. Bd2 Qd8 8.
Bc3 Bxc3+ 9. Nxc3 Nc6 10. Bc4 Nf6 11. e5 Nh5 12. Qd2 Qa5 13. O-O-O Qb4 14. Bb3
Qf4 15. Nb5 Qxd2+ 16. Rxd2 Rb8 17. Rhd1 Ng7 18. Nc7+ Kf8 19. Ng5 Nxe5 20. f4 h6
21. fxe5 hxg5 22. Rf1 Nf5 23. g4 Nh6 24. Bxf7 Kg7 25. Be8 d6 26. exd6 exd6 27.
h3 Rf8 28. Rxf8 Kxf8 29. Rxd6 Ke7 30. Rxg6 Kd8 31. Rg7 b5 32. Bxb5 Rb6 33. Bd3
Bd7 34. Nd5 Rd6 35. Rxg5 1-0

[Event "Druga liga Srbije grupa Vojvodina 2013"]
[Site "Stari Banovci"]
[Date "2013.11.09"]
[Round "9.6"]
[White "Stanojevic, Branko"]
[Black "Jesenski, Tibor"]
[Result "1/2-1/2"]
[WhiteElo "2291"]
[BlackElo "2328"]
[PlyCount "31"]
[EventDate "2013.11.04"]

1. d4 d5 2. c4 e6 3. Nf3 Nf6 4. cxd5 exd5 5. Bg5 Be7 6. Nc3 c6 7. Qc2 Nbd7 8.
e3 Nf8 9. Bd3 Ne6 10. Bh4 g6 11. O-O O-O 12. Rfe1 Ng7 13. Rad1 Nf5 14. Bg5 Nd6
15. Ne5 Bf5 16. f3 1/2-1/2

[Event "Druga liga Srbije grupa Vojvodina 2013"]
[Site "Stari Banovci"]
[Date "2013.11.09"]
[Round "9.6"]
[White "Arbutina, Sinisa"]
[Black "Kovacevic, Dragan"]
[Result "0-1"]
[WhiteElo "2280"]
[BlackElo "2236"]
[PlyCount "84"]
[EventDate "2013.11.04"]

1. d4 d6 2. c4 Nf6 3. Nc3 Nbd7 4. e4 e5 5. Nge2 Be7 6. f3 c6 7. Be3 O-O 8. Qd2
a6 9. d5 cxd5 10. cxd5 b5 11. Ng3 g6 12. Bd3 Ne8 13. O-O Ng7 14. f4 exf4 15.
Bxf4 Ne5 16. Rae1 Bd7 17. Nge2 Rc8 18. b3 h5 19. Nd4 h4 20. Nce2 h3 21. Rc1
hxg2 22. Kxg2 Rxc1 23. Rxc1 Nh5 24. Bxe5 dxe5 25. Nc6 Bxc6 26. Rxc6 Bg5 27. Qd1
Qa5 28. Bb1 Kg7 29. Kf1 Rh8 30. Kg2 Nf4+ 31. Nxf4 Bxf4 32. h3 Rh5 33. d6 Rg5+
34. Kf2 Bg3+ 35. Ke2 Bh4 36. d7 Rg2+ 37. Kf3 Rd2 38. Qc1 Rf2+ 39. Ke3 Qd8 40.
Qd1 Qg5+ 41. Kd3 Qg3+ 42. Qf3 Qxf3# 0-1

[Event "Druga liga Srbije grupa Vojvodina 2013"]
[Site "Stari Banovci"]
[Date "2013.11.09"]
[Round "9.6"]
[White "Kovacevic, Djordje"]
[Black "Marjanusic, Vladimir"]
[Result "1/2-1/2"]
[WhiteElo "2104"]
[BlackElo "2272"]
[PlyCount "43"]
[EventDate "2013.11.04"]

1. d4 d5 2. Nf3 Nf6 3. c4 c6 4. Nc3 e6 5. Qb3 dxc4 6. Qxc4 b5 7. Qd3 b4 8. Ne4
Ba6 9. Qc2 Nxe4 10. Qxe4 Qd5 11. Qxd5 cxd5 12. Bf4 Nc6 13. e3 Bxf1 14. Rxf1 f6
15. h4 Kd7 16. Kd2 Be7 17. Rfc1 Rhc8 18. Rc2 Na5 19. Rxc8 Rxc8 20. b3 Nb7 21.
Ne1 Bd6 22. Nd3 1/2-1/2

[Event "Druga liga Srbije grupa Vojvodina 2013"]
[Site "Stari Banovci"]
[Date "2013.11.09"]
[Round "9.6"]
[White "Vidic, Stevan"]
[Black "Skoko, Milan"]
[Result "1-0"]
[WhiteElo "2278"]
[BlackElo "2239"]
[PlyCount "73"]
[EventDate "2013.11.04"]

1. Nf3 f5 2. d4 Nf6 3. c4 g6 4. Nc3 Bg7 5. g3 O-O 6. Bg2 d6 7. O-O e6 8. Qc2
Nc6 9. d5 Nb4 10. Qb3 Na6 11. dxe6 Nc5 12. Qc2 Bxe6 13. b3 Kh8 14. Bb2 Rb8 15.
Rad1 Bg8 16. Ng5 Re8 17. Nh3 Qe7 18. Rfe1 Nce4 19. e3 Nxc3 20. Bxc3 Ne4 21. Bd4
b6 22. Nf4 Bxd4 23. exd4 g5 24. Nh3 g4 25. Nf4 c6 26. d5 cxd5 27. Nxd5 Bxd5 28.
Rxd5 Qf6 29. Bxe4 Re5 30. Rxe5 Qxe5 31. Re3 fxe4 32. Rxe4 Qa1+ 33. Kg2 Qg7 34.
Qe2 Rg8 35. Qe3 h5 36. Re6 Kh7 37. Re7 1-0